Losowe sekwencyjne państwa na mapie świata - wersja trudna - Statystyki

Ogólne statystyki
  • Ten quiz został rozwiązany 2 146 razy
  • Średni wynik to 75 z 196
Odpowiedzi na mapie
Odpowiedzi zakodowano w zielono-czerwonej skali na mapie do tego quizu, zgodnie z poniższymi procentami.
 
Statystyki odpowiedzi
Państwo % Poprawnych
Chile
41%
Dania
41%
Francja
41%
Japonia
41%
Niemcy
41%
Rosja
41%
Argentyna
40%
Australia
40%
Boliwia
40%
Brazylia
40%
Chiny
40%
Egipt
40%
Etiopia
40%
Filipiny
40%
Gruzja
40%
Holandia
40%
Indie
40%
Indonezja
40%
Islandia
40%
Kanada
40%
Korea Północna
40%
Laos
40%
Łotwa
40%
Malezja
40%
Mali
40%
Maroko
40%
Meksyk
40%
Norwegia
40%
Nowa Zelandia
40%
Papua-Nowa Gwinea
40%
Polska
40%
Stany Zjednoczone
40%
Szwecja
40%
Ukraina
40%
Wenezuela
40%
Wielka Brytania
40%
Włochy
40%
Albania
39%
Algieria
39%
Angola
39%
Arabia Saudyjska
39%
Austria
39%
Bangladesz
39%
Białoruś
39%
Bułgaria
39%
Cypr
39%
Czad
39%
Czechy
39%
Estonia
39%
Eswatini
39%
Finlandia
39%
Grecja
39%
Hiszpania
39%
Iran
39%
Irlandia
39%
Izrael
39%
Jordania
39%
Kazachstan
39%
Kiribati
39%
Kuba
39%
Libia
39%
Litwa
39%
Madagaskar
39%
Malawi
39%
Mjanma
39%
Mongolia
39%
Mozambik
39%
Nepal
39%
Oman
39%
Pakistan
39%
Portugalia
39%
Rumunia
39%
Seszele
39%
Słowacja
39%
Somalia
39%
Sri Lanka
39%
Sudan
39%
Tajlandia
39%
Tajwan
39%
Togo
39%
Tunezja
39%
Turcja
39%
Uzbekistan
39%
Watykan
39%
Wietnam
39%
Afganistan
38%
Armenia
38%
Azerbejdżan
38%
Bahamy
38%
Benin
38%
Bhutan
38%
Bośnia i Hercegowina
38%
Botswana
38%
Chorwacja
38%
Czarnogóra
38%
Demokratyczna Republika Konga
38%
Ekwador
38%
Erytrea
38%
Fidżi
38%
Gabon
38%
Gujana
38%
Gwinea Równikowa
38%
Haiti
38%
Irak
38%
Jamajka
38%
Jemen
38%
Kambodża
38%
Kamerun
38%
Kirgistan
38%
Kolumbia
38%
Komory
38%
Korea Południowa
38%
Kosowo
38%
Kuwejt
38%
Lesotho
38%
Liechtenstein
38%
Luksemburg
38%
Macedonia Północna
38%
Malta
38%
Mauretania
38%
Mikronezja
38%
Mołdawia
38%
Namibia
38%
Niger
38%
Panama
38%
Paragwaj
38%
Peru
38%
Republika Południowej Afryki
38%
Republika Środkowoafrykańska
38%
Rwanda
38%
San Marino
38%
Senegal
38%
Serbia
38%
Słowenia
38%
Sudan Południowy
38%
Surinam
38%
Syria
38%
Szwajcaria
38%
Tanzania
38%
Timor Wschodni
38%
Turkmenistan
38%
Tuvalu
38%
Urugwaj
38%
Węgry
38%
Wyspy Salomona
38%
Wyspy Świętego Tomasza i Książeca
38%
Zimbabwe
38%
Zjednoczone Emiraty Arabskie
38%
Andora
37%
Belgia
37%
Belize
37%
Brunei
37%
Burkina Faso
37%
Dominikana
37%
Gambia
37%
Ghana
37%
Gwatemala
37%
Honduras
37%
Katar
37%
Kenia
37%
Kostaryka
37%
Mauritius
37%
Monako
37%
Nigeria
37%
Nikaragua
37%
Palau
37%
Republika Zielonego Przylądka
37%
Samoa
37%
Singapur
37%
Tadżykistan
37%
Tonga
37%
Trynidad i Tobago
37%
Vanuatu
37%
Wybrzeże Kości Słoniowej
37%
Wyspy Marshalla
37%
Zambia
37%
Antigua i Barbuda
36%
Bahrajn
36%
Barbados
36%
Burundi
36%
Dżibuti
36%
Gwinea
36%
Gwinea Bissau
36%
Kongo
36%
Liban
36%
Liberia
36%
Malediwy
36%
Nauru
36%
Saint Lucia
36%
Salwador
36%
Sierra Leone
36%
Grenada
35%
Saint Kitts i Nevis
35%
Saint Vincent i Grenadyny
35%
Uganda
35%
Dominika
34%
Nie znaleziono quizów pasujących do podanych kryteriów
Rozkład punktacji
Procent ludzi z każdym wynikiem
Percentyl według liczby udzielonych odpowiedzi
Twoja historia wyników
Nie rozwiązałeś tego quizu